000 00962nam a2200253 i 4500
001 80838
003 ES-MaACL
005 20230906174318.0
007 t|
008 041029s1927 fr ||||1| fre d
080 _a871-14"-00"
100 1 _aHoracio Flaco, Quinto.
_964182
245 1 0 _aOdes et épodes.
_nTome I /
_cHorace ; texte établi et traduit par F. Villeneuve.
260 _aParis :
_bSocieté d'Edition "Les Belles Lettres",
_c1927 (
_eMacon :
_fProtat Frères)
300 _a1 vol. (XLV-231 p., paginación doble p. 6-231) ;
_c20 cm.
490 1 _aCollection des Universités de France
505 8 _aContiene: Introduction : la vie et l'oeuvre d'Horace; Odes et Epodes : livre I, livre II, livre III, livre IV, Chant séculaire, Epodes
700 0 _aVilleneuve, François.
_9115249
740 0 _aOdas.
740 0 _aEpodos.
830 0 _aCollection des Universités de France
_9180876
852 _aES-MaACL
_jC-6821
999 _c80838
_d80838